000 00220 a2200097 4500
001 48464
100 _aMitchell, J.B
245 _aHistorical geography
260 _aLondon
_bEnglish univ press
_c
090 _c31400
_d31400
942 _aNUST-CAE
_cM
_c23782
999 _c283537
_d283537